000 00420nam a2200181Ia 4500
005 20250603145652.0
008 250603s9999 xx 000 0 und d
020 _a9781032445397
050 _aHD 9725 .L48/
100 _aLevinson, William A.
245 0 _aReshore production now
260 _aNew York
260 _bProductivity Press
260 _c2023
300 _a168 p
650 _aNew York
942 _cBK
999 _c42509
_d42509